Segunda parte del Ingenioso Cavallero Don Quixote de la Mancha (Record no. 2135)

MARC details
000 -CABECERA
campo de control de longitud fija 01951nam a2200289 a 4500
001 - NÚMERO DE CONTROL
campo de control BRCA_2394
005 - FECHA Y HORA DE LA ÚLTIMA TRANSACCIÓN
campo de control 20190320203804.0
008 - DATOS DE LONGITUD FIJA--INFORMACIÓN GENERAL
campo de control de longitud fija 111108s1616----sp-#---###---#000-0#spa-u
041 ## - CÓDIGO DE LENGUA
Código de lengua del texto/banda sonora o título independiente spa
044 ## - CÓDIGO DEL PAÍS DE LA ENTIDAD EDITORA/PRODUCTORA
Código MARC del país sp
084 ## - OTRO NÚMERO DE CLASIFICACIÓN
Número de clasificación 035
Número de documento/Ítem .M49
-- 1616
100 1# - ENTRADA PRINCIPAL--NOMBRE DE PERSONA
Nombre de persona Cervantes Saavedra, Miguel de
Fechas asociadas al nombre 1547-1616
9 (RLIN) 213
245 10 - MENCIÓN DE TÍTULO
Título Segunda parte del Ingenioso Cavallero Don Quixote de la Mancha
Resto del título dirigida a Don Pedro Fernández de Castro, Conde de Lemos, de Andrade, y de Villalua, Marques de Saria, Gentilhombre de la Cámara de su Majestad, Comendador de la Encomienda de Peñafiel y la Zarza, de la Orden de Alcantara, Virrey, Gobernador, y Capitán General del Reyno de Nápoles, y Presidente del Supremo Consejo de Italia
Mención de responsabilidad, etc. por Miguel de Cervantes Saavedra, autor de su primera parte.
260 ## - PUBLICACIÓN, DISTRIBUCIÓN, ETC.
Lugar de publicación, distribución, etc. Valencia
Nombre del editor, distribuidor, etc. Pedro Patricio Mey
Fecha de publicación, distribución, etc. 1616
300 ## - DESCRIPCIÓN FÍSICA
Extensión 1 v. (en varias paginaciones)
Dimensiones 16 cm.
500 ## - NOTA GENERAL
Nota general Contenido : Dedicatoria del autor al Conde de Lemos. Licencia del Dr. Martínez. Aprovación del Lic. Domingo Abbad y Huerta. Prólogo del autor. Texto
500 ## - NOTA GENERAL
Nota general Tercera edición de la segunda parte. En cuanto a la corrección del texto aventaja con mucho a la enterior, impresa en Bruselas. Se subsanaron varias falta de puntuación y se corrigieron algunas erratas y variantes. En cambio, se deslizaron nuevas. En el capítulo 36, el Santo Oficio expurgó las palabras de la Duquesa referentes a la caridad. Bonito ejemplar encuadernado en pergamino Lúdovik Osterc
500 ## - NOTA GENERAL
Nota general Estado físico : Anotaciones manuscritas en la guarda y a lo largo del texto
500 ## - NOTA GENERAL
Nota general Con ex-libris de : John Murray
650 14 - PUNTO DE ACCESO ADICIONAL DE MATERIA--TÉRMINO DE MATERIA
Término de materia o nombre geográfico como elemento de entrada Novela española
Subdivisión cronológica Época clásica, 1500-1700
9 (RLIN) 215
650 14 - PUNTO DE ACCESO ADICIONAL DE MATERIA--TÉRMINO DE MATERIA
Término de materia o nombre geográfico como elemento de entrada Literatura española
Subdivisión cronológica Época clásica, 1500-1700
9 (RLIN) 216
650 14 - PUNTO DE ACCESO ADICIONAL DE MATERIA--TÉRMINO DE MATERIA
Término de materia o nombre geográfico como elemento de entrada Novela española
Subdivisión cronológica Siglo XVII
9 (RLIN) 217
650 14 - PUNTO DE ACCESO ADICIONAL DE MATERIA--TÉRMINO DE MATERIA
Término de materia o nombre geográfico como elemento de entrada Don Quijote (Personaje ficticio)
Término indicativo de función/relación Novela
9 (RLIN) 218
740 0# - PUNTO DE ACCESO ADICIONAL--TÍTULO RELACIONADO O ANALÍTICO NO CONTROLADO
Título relacionado o analítico no controlado El Ingenioso Hidalgo Don Quijote de la Mancha
902 ## - CATALOGADOR
Iniciales QFM
942 ## - ELEMENTOS DE PUNTO DE ACCESO ADICIONAL (KOHA)
Fuente del sistema de clasificación o colocación Library of Congress Classification
Tipo de ítem Koha Libros
Holdings
Estado de retiro Estado de pérdida Estado dañado No para préstamo Localización permanente Ubicación/localización actual Fecha de adquisición Total de préstamos Signatura topográfica completa Código de barras Fecha visto por última vez Precio válido a partir de Tipo de ítem Koha
El ejemplar forma parte de la colección y puede ser consultado según las políticas vigentes.       Biblioteca del Museo Franz Mayer (Rogerio Casas-Alatriste) Biblioteca del Museo Franz Mayer (Rogerio Casas-Alatriste) 11/11/2008   035 .M49 1616 2391 22/03/2019 22/03/2019 Libros